000 00522nam a2200193Ia 4500
003 IN-BaIIA
008 211028s9999 xx 000 0 eng d
020 _a0-471-81440-7
040 _cIIA Library
080 _a532.59
_bHIR
100 _aHirose, Akira
_914519
245 0 _aintroduction to wave phenomena
_cAkira Hirose and Karl E Lonngren
260 _aNew York
_bWiley-Interscience
_c1985
300 _axiv, 355p.
650 _aNASA thesaurus
650 _aWaves
700 _aLonngren, Karl E.
_914520
942 _cBK
999 _c8649
_d8649